00314nam a2200133Ia 4500003000400000005001700004008004100021020001500062040001000077100001900087245004500106260002000151260000900171OSt20240120123724.0170524s9999 xx 000 0 und d a9812530703 ciimtu aDegarmo E Paul 0aMeterials and Processes in manufacturing bNew Delhi P H I c2008